| 000 | 00397nam a2200145 i 4500 | ||
|---|---|---|---|
| 001 | 34518 | ||
| 003 | ES-MaACL | ||
| 007 | t| | ||
| 008 | 030207s1974 fr ||||1| fre d | ||
| 100 | 1 |
_aBonheur, Gaston. _930162 |
|
| 245 | 1 | 0 |
_aNotre patrie gauloise / _cGaston Bonheur. |
| 260 |
_aParĂs : _bRobert Laffont, _c[1974] |
||
| 300 |
_a316 p. : _bil. ; _c24 cm. |
||
| 852 |
_aES-MaACL _jE-6608 _bR.91256 |
||
| 999 |
_c34518 _d34518 |
||